The Monster - Eminem Feat. Rihanna - All Lyrics - Statistics

General Stats
  • This quiz has been taken 181 times
  • The average score is 465 of 695
Answer Stats
Answer % Correct
a
99%
I
99%
monster
99%
my
99%
My
99%
be
98%
I'm
98%
I’m
98%
I'm-
98%
ooh-ooh)
98%
ooh-wee!
98%
the
98%
the-
98%
Whoo!
98%
(Woo-ooh,
98%
bed
97%
with
96%
with)
96%
you
96%
you,
96%
in
95%
that
95%
that's
95%
under
95%
friends
94%
head
94%
head,
94%
Oh
94%
voice
94%
voices
93%
ay-hee-hoo!
92%
Yodel-odel
92%
then,
91%
me,
90%
me
90%
mink
90%
crazy,
89%
crazy
89%
inside
89%
of
89%
to
89%
to)
89%
your
89%
Get
88%
get
88%
(Get
88%
think
87%
think,
87%
think)
87%
along
85%
No
85%
yeah,
85%
Yeah,
85%
not
84%
tryin'
83%
an
82%
save
82%
You’re
82%
you're
82%
(You're
82%
You're
82%
And
80%
and
80%
(And
80%
breath
79%
holdin'
79%
stop
79%
well,
77%
Well,
77%
but
69%
But
69%
on
67%
when
66%
Lee
65%
coo-coo
61%
it,
61%
who
61%
can
60%
it
60%
It
60%
can't
56%
nothin'
54%
nothin',
54%
for
53%
one
53%
want
53%
do
52%
do's
52%
so
50%
what
49%
'cause
48%
‘cause
48%
'Cause
48%
‘Cause
48%
this?
47%
this
47%
two
47%
wanted
47%
Wanted
47%
at
46%
all
44%
it’s
44%
It’s
44%
fame
43%
Fame
43%
where
43%
Bruce
42%
music
42%
just
41%
am
40%
guess
40%
don't
39%
Don't
39%
need
39%
like
38%
real,
38%
sheep,
38%
sheep
38%
was
38%
from
37%
I’ll
37%
leaf
37%
okay
37%
sleep:
37%
loose
36%
out
36%
too,
36%
alone
35%
Goin'
35%
goin'
35%
thing
35%
Call
34%
Excuse
34%
if
34%
know
34%
lose
34%
say
34%
as
33%
beggars
33%
have
33%
left
33%
public
33%
got
32%
keep
32%
love's
32%
than
32%
attention
31%
cover
31%
day
31%
ego
31%
him
31%
myself
31%
Newsweek
30%
could
29%
ink,
29%
Now,
29%
Still
29%
still
29%
up
29%
vision,
29%
are
28%
back
28%
mind,
28%
off
28%
Abused
27%
confusing
27%
Hit
27%
hundred
27%
inflated
27%
kid
27%
kid,
27%
million
27%
receive
27%
way
27%
ain't
26%
between
26%
once
26%
see
26%
used
26%
beginnin'
25%
choosey
25%
gettin'
25%
made
25%
make
25%
OCD's
25%
poet
25%
told
25%
walk
25%
conquer
24%
fuckin'
24%
great,
24%
I'd
24%
killin'
24%
kooky
24%
messenger,
24%
much
24%
never
24%
over
24%
shrink
24%
take
24%
these
24%
will
24%
feels
23%
head's
23%
lottery,
23%
sayin'
23%
shoot
23%
until
23%
balloon
22%
down
22%
home,
22%
intervene
22%
somebody
22%
straight
22%
straightjacket
22%
through
22%
track
22%
eat
21%
every
21%
here
21%
moment
21%
seize
21%
Sometimes
21%
wonder
21%
children
20%
haystack
20%
into
20%
knockin'
20%
MCs
20%
regular
20%
thoughts
20%
tool
20%
wantin'
20%
ways
20%
cake,
19%
conflict
19%
Kool
19%
relates,
19%
weirder
19%
amongst
18%
bittersweet
18%
blew,
18%
blew
18%
both
18%
civilian
18%
comin'
18%
Dre
18%
feelin'
18%
gave
18%
losin'
18%
Nobody's
18%
sleepwalkin'
18%
somethin'
18%
struggle,
18%
very
18%
actually
17%
huge
17%
Maybe
17%
nuts
17%
winnin'
17%
interventionist
16%
Keith
16%
spin-
16%
squander
16%
conkin'
15%
days
15%
gets
15%
Give
15%
kids
15%
Rumpelstiltskin
15%
shit
15%
steam
15%
turn
15%
went
15%
Wilson
15%
yonder
15%
killed
14%
onto
14%
payback
14%
tomorrow,
14%
VanVonderen
14%
wanderin'
14%
conjurin'
13%
Face
13%
Jeff
13%
played
13%
ponder
13%
relayin'
13%
facts:
12%
Russell
12%
spawn
12%
wanders
12%
fallin'
11%
Ironic
11%
Blood
10%
draft,
10%
drums
10%
gold,
10%
straw
10%
stumbled
10%
pumped-up
9%
spilled
9%
chump,
8%
No matching quizzes found
Score Distribution
Percent of People with Each Score
Percentile by Number Answered
Your Score History
You have not taken this quiz